Losowe, sekwencyjne fińskie prowincje na mapie - Statystyki

Ogólne statystyki
  • Ten quiz został rozwiązany 3 razy
  • Średni wynik to 3 z 19
Odpowiedzi na mapie
Odpowiedzi zakodowano w zielono-czerwonej skali na mapie do tego quizu, zgodnie z poniższymi procentami.
 
Statystyki odpowiedzi
Region % Poprawnych
Laponia
67%
Kanta-Häme
33%
Kymenlaakso
33%
Ostrobotnia Środkowa
33%
Pirkanmaa
33%
Sawonia Południowa
33%
Wyspy Alandzkie
33%
Finlandia Środkowa
0%
Finlandia Właściwa
0%
Kainuu
0%
Karelia Północna
0%
Karelia Południowa
0%
Ostrobotnia
0%
Ostrobotnia Północna
0%
Ostrobotnia Południowa
0%
Päijät-Häme
0%
Satakunta
0%
Sawonia Północna
0%
Uusimaa
0%
Nie znaleziono quizów pasujących do podanych kryteriów
Rozkład punktacji
Procent ludzi z każdym wynikiem
Percentyl według liczby udzielonych odpowiedzi
Twoja historia wyników
Nie rozwiązałeś tego quizu